=LDR 00000nam 2200000 4500 =001 000739 =005 20250711041427 =035 ##$$a 0010-0725000607 =007 ta =008 250711###########################0###### =020 ##$$a 978-623-307-980-8 =082 ##$$a 398.209 598 =084 ##$$a 398.209 598 BAN c =100 #$$a Bannerje kanchan =245 1#$$a Cintu /$c Kanchan bannerjee =250 ##$$a Cetakan pertama =260 ##$$a Rawamangun :$b Badan pengembangan dan pusat bahasa,$c 2022 =300 ##$$a 12 hlm. : $b Ilus. ; $c 22,9 cm. =650 #4$$a Cerita anak indonesia-terjemahan =650 #4$$a Literasi-bahan bacaan =990 ##$$a TBM05150515